| Tag |
First Indicator |
Second Indicator |
Subfields |
| LEADER |
00000cam a2200000 i 4500 |
| 001 |
in00000682821 |
| 005 |
20151015160837.0 |
| 008 |
791031s1979 onc b 00000 eng |
| 010 |
|
|
|a 79318005
|
| 015 |
|
|
|a C78-1639-4
|
| 020 |
|
|
|a 0070829357 :
|c $8.95
|
| 035 |
|
|
|a (OCoLC)05751236
|
| 035 |
|
|
|9 ACZ3189AM
|
| 040 |
|
|
|a DLC
|c DLC
|d TXA
|d UtOrBLW
|
| 043 |
|
|
|a n-cn---
|
| 049 |
|
|
|a TXAM
|c [1327831]
|
| 050 |
0 |
0 |
|a HQ792.C3
|b C48
|
| 082 |
0 |
|
|a 301.43/1/0971
|
| 245 |
0 |
0 |
|a Childhood and adolescence in Canada /
|c edited and with an introd. by K. Ishwaran.
|
| 264 |
|
1 |
|a Toronto ;
|a New York :
|b McGraw-Hill Ryerson,
|c [1979]
|
| 264 |
|
4 |
|c ©1979
|
| 300 |
|
|
|a 386 pages ;
|c 23 cm.
|
| 336 |
|
|
|a text
|b txt
|2 rdacontent
|
| 337 |
|
|
|a unmediated
|b n
|2 rdamedia
|
| 338 |
|
|
|a volume
|b nc
|2 rdacarrier
|
| 490 |
1 |
|
|a McGraw-Hill Ryerson interdisciplinary studies in family and marriage
|
| 504 |
|
|
|a Includes bibliographies.
|
| 650 |
|
0 |
|a Children
|z Canada.
|
| 650 |
|
0 |
|a Child development
|z Canada.
|
| 650 |
|
0 |
|a Youth
|z Canada.
|
| 700 |
1 |
|
|a Ishwaran, K.
|q (Karigoudar),
|d 1922-
|
| 830 |
|
0 |
|a Interdisciplinary studies in family and marriage.
|
| 999 |
|
|
|a MARS
|
| 999 |
f |
f |
|s ee5dd301-06a3-38fb-9be1-ecfe05211684
|i f841d719-5d41-3539-9b13-b1b6644ae431
|t 0
|
| 952 |
f |
f |
|p ric
|a Texas A&M University
|b Rellis Campus
|c Joint Library Facility
|d Remote Storage
|t 0
|e HQ792.C3 C48
|h Library of Congress classification
|i unmediated -- volume
|m A14802969671
|
| 998 |
f |
f |
|a HQ792.C3 C48
|t 0
|l Remote Storage
|